00438nam a2200169 a 4500001001300000003000900013005001700022008004100039020001000080082001500090245003700105260004300142300000900185500003500194650001300229710002600242nice12345678IN_TiNIC20260116014447.0070412s2000 chea grp 000 0 eng  ac12500a294.5bKAS aHindu Speaks on Religious Values aChennai bKasturi and Sins Ltd. c2000 a747p aincludes index and biblioraphy aHinduism2 aKasturi and Sons Ltd.